00450 2200169 4500001002100000005001500021008004100036020001800077035001900095041000700114082000800121090001400129100006700143245001400210260003300224300002300257INLIS00000000002018920241224115837241224||||||||| | ||| |||| || |  a979-002-572-6 0010-1224020189 aid0 a641 a641 BAG a0 aBagus Sediadi Bandol Utomo,Singgih wibowo,tri nugroho widianto00aASAP CAIR adepokbPenebar Swadayac2012 a84 hlm,;ilus.23 cm